| 000 | 00540nam a22001817a 4500 | ||
|---|---|---|---|
| 005 | 20250109163840.0 | ||
| 010 | _aB-761656 | ||
| 020 |
_a9789392137846 _c200.00 |
||
| 035 | _aB-761656 | ||
| 037 | _bGift | ||
| 082 | _a300 | ||
| 100 |
_aMathew, Caroline _976289 |
||
| 245 |
_aUnravelling The World; _bA Book on Social Studies Stage 3/ _cCaroline Mathew |
||
| 260 |
_aNew Delhi _bTrinity Books _c2024 |
||
| 300 |
_a96p. _c28cm(pb) |
||
| 942 |
_2ddc _cCH _h300 _mMAT |
||
| 999 |
_c208323 _d208323 |
||